German Verbs - Participles Quiz Stats

 Plays Quiz not verified by Sporcle

Score 0/24 Timer 10:00
0 Plays Today
% Correct
denkende
75.6%
geglaubte
73.2%
gegebenes
73.2%
kommende
73.2%
gefundene
68.3%
fliegende
65.9%
gesprochenen
65.9%
sprechende
63.4%
gegebene
63.4%
gewusste
63.4%
spielende
63.4%
spielendes
63.4%
% Correct
geglaubtes
61%
fliegendes
58.5%
gesprochenes
58.5%
gewusstes
58.5%
folgenden
58.5%
Glaubender
56.1%
wissende
53.7%
gebende
51.2%
geflogener
48.8%
gespieltes
48.8%
gefolgte
48.8%
gefolgter
48.8%

You're not logged in!

Compare scores with friends on all Sporcle quizzes.
OR
Log In

Sporcle TV

Today on Sporcle TV


Watch our educational content, quiz creation guides, and fun videos on Sporcle TV.

Show Comments

Extras

Top Quizzes Today


Score Distribution

Your Account Isn't Verified!

In order to create a playlist on Sporcle, you need to verify the email address you used during registration. Go to your Sporcle Settings to finish the process.

Report this User

Report this user for behavior that violates our Community Guidelines.

Details: